000 01573cam a2200133 4500500
005 20251214004256.0
041 _afre
042 _adc
100 1 0 _aLoubes, Olivier
_eauthor
245 0 0 _aJean Zay : L'inconnu de la République
260 _bArmand Colin,
_c2012.
520 _aMalgré une reconnaissance croissante, Jean Zay, le très jeune ministre de l’Éducation nationale et des beaux-arts de Léon Blum, reste un homme politique méconnu, une figure républicaine inconnue. Pourtant, son œuvre de réformateur est exceptionnelle (démocratisation scolaire, ENA, CNRS, festival de Cannes…), et fait de lui le Jules Ferry du Front populaire. Quant à son emprisonnement dès 1940 puis son assassinat par des miliciens en 1944, ils en font le Dreyfus de Vichy. Ce livre s’attache à combler l’écart entre une vie remarquable et une mémoire partielle, afin de donner à lire et à comprendre un parcours de républicain emblématique par son action et par la haine qu’il suscita. Aujourd’hui, alors que la référence aux « valeurs républicaines » est fréquente, mais ne dépasse souvent pas le stade de l’invocation, Jean Zay permet de répondre, historiquement, à la question dont dépend notre avenir : « Que signifie vivre en République ? Rien, sans engagement républicain. » "La figure et l'héritage de Jean Zay sont injustement méconnus. (…) Une très belle biographie, un homme à découvrir absolument." France Inter
856 4 1 _uhttps://shs.cairn.info/jean-zay--9782200355852?lang=fr&redirect-ssocas=7080
999 _c1568389
_d1568389